Регионална библиотека "Любен Каравелов" - Русе

Вещерът (Запис номер 14265)

MARC детайли
000 -Лидер
Контролно поле с фиксирана дължина 01476nam a2200325 c 4500
003 - Код на организацията, давaща контролен номер
Контролно поле BLK
005 - Дата и час на последна редакция
Контролно поле 20180420214933.0
008 - Елементи от данни с фиксирана дължина
fixed length control field 180412b bul|||||r ||||||| ||bul||
010 ## - Наследен системен номер
LC control number KNG00015967000
020 ## - Международен стандартен номер на книга ISBN
Международен стандартен номер на книга ISBN 978-954-761-429-1
-- издат.: ИнфоДар - на том(кн. 4)
040 ## - Източник на каталожния запис
Идентификатор на билиотеката - собственик на записа BLK
041 ## - Код за език
Код за езика на текст/звукозапис или на отделно заглавие Български
Код за езика КДБФ Български
072 #7 - Код за тематичната категория
Код организация bullib
Код за тематична категория Н83
Текст Чужда художествена литература Н
080 ## - УДК
Текстов определител УДК Полска литература
УДК код - определител по УДК 821.162.1
УДК определител -322.9
УДК - код + определител 821.162.1-322.9
100 1# - Редна дума - Автор
Автор Сапковски, Анджей
Авторска отговорност първи автор
R(LIN) 118890
139 ## - Редно поле
Редна дума Сапковски, Анджей
Авторски знак Сап - С 19
245 10 - Сведения за заглавието
Заглавие Вещерът
Подзаглавни данни Кн. 1 -
Редно поле (дума) Анджей Сапковски; прев. от пол. Васил Константинов Велчев.
Том Кн. 4
Заглавие на том Време на презрение
257 ## - Страна на издаване
Страна на създаване/издаване Полша
260 ## - Област на издателските данни
-- София
Година на издаване 2009 -
Печатница За том: София : Симолини 94
300 ## - Физическа характеристика
Размери/Мащаб 20 см
380 ## - Жанр
Жанр Худож. лит.
659 ## - Тематичен бюлетин
Тематичен бюлетин Н
700 1# - Други автори (авторска отговорност)
Лично име Велчев, Васил Константинов
Автороска отговорност (Описва отношението между автора и произведението) прев. от пол.
9 (RLIN) 259119
760 1# - Описание на основната серия
-- - на том(кн. 4)
Редна дума на основното описание Сапковски, Анджей
Място на издаване, издател и година ИнфоДар, 2009
Страници - том 437 с.
Забележка - том Ориг. загл.: Czas pogardy / Andrzej Sapkovski
Заглавие Кн. 4 Време на презрение
852 ## - Местоположение
Форматна сигнатура Цб 251204
856 4# - Електронен адрес и достъп
Електронен формат pdf - файл
Път до файла /url/
856 4# - Електронен адрес и достъп
Електронен формат pdf - файл
Път до файла /url/
942 ## - АРТИКУЛИ
Вид на библиотечния материал Книги
Скрит в OPAC Не
944 ## - СЪЗДАВАНЕ И РЕДАКЦИЯ на ЗАПИСА
Създаване/Редакция Създаване
Дата на регистрацията/редакция 16.03.2011
Служител, извършил регистрацията/редакцията Геновева_Генчева
944 ## - СЪЗДАВАНЕ И РЕДАКЦИЯ на ЗАПИСА
Създаване/Редакция Редакция
Дата на регистрацията/редакция 03.11.2016
Служител, извършил регистрацията/редакцията Виолета_Тройчева
999 ## - СИСТЕМНИ КОНТРОЛНИ НОМЕРА
Koha biblionumber 14265
Koha biblioitemnumber 14265
Наличности
Код за отписване Код за изгубен артикул Код за повреда Коз за рестрикции Код за отдаване Артикулен № Име на библиотеката - собственик Име на библиотеката, в която се намира в момента Статус (Текущо местоположение) Дата на вписване в системата Местоположение - отдел Цена в лева Инвентарен номер Систематично азбучна сигнатура Баркод Номер на екземпляра Цена в евро Служебна бележка Служебен тип на артикула
  Не е изгубен Не е повреден без рестрикции ползва се в читалня 24453 Регионална библиотека "Любен Каравелов" Русе Регионална библиотека "Любен Каравелов" Русе Хранилище 2011-03-14 Хранилище 14.00 120000749768 Цб 251204 120000749768 1 7.16 Дост: Dp Вид: Д N: 26 Дата: 30.06.2010 Книги
Vip Innovations Ltd, Rousse, Bulgaria 2025